Intramural recreation : A step-by-step guide to creating an effective program

Bibliographic Details
Main Author: Byl,, John
Format: Book
Published: Champaign : Human Kinetics , 2002
Subjects:

MARC

LEADER 00000cam a2200000 7i4500
001 0000011195
005 20050422.0
020 |a 0736034544 
040 |a INS 
090 0 0 |a GV710.   |b B95 2002 
100 1 |a Byl,, John 
245 1 0 |a Intramural recreation :   |b A step-by-step guide to creating an effective program   |c John Byl 
260 |a Champaign :   |b Human Kinetics ,   |c 2002 
300 |a x :   |b 261p ;   |c 28cm. 
650 0 0 |a Intramural sports   |x management 
999 |a 0000011757   |b BOOK   |c Open Shelf   |e Default branch 
999 |a 0000011758   |b BOOK   |c Open Shelf   |e Default branch